Trouvez le joueur mystère #5 - Statistiques

Statistiques générales
  • Ce quiz a été pris 266 fois
  • Le résultat moyen est 8 sur 12
Statistiques - réponses
% Correct
Ligue des champions : 1
96%
Coupe du Monde (nombre): 0
94%
Compétition continentale : 0
94%
Poste précis Milieu offensif
83%
2007-2009 Real Madrid
77%
Pays Pays-Bas
65%
2009-2013 Inter Milan
64%
Clubs :2002-2007 Ajax Amsterdam
61%
2013-2017 Galatasaray SK
47%
2017-2018 OGC Nice
46%
Joueur mystère Wesley Sneijder
46%
2018-2019 Al-Gharafa SC
45%
Aucun quiz correspondant
Distribution des résultats
% des personnes avec chaque résultat
Percentile par nombre de réponses
Votre historique - résultats
Vous n’avez pas pris ce quiz